Irish Americans by One Hint Quiz Stats

 Plays Quiz not verified by Sporcle

Also try: Armenian-Americans
Challenge
Share
Tweet
Embed
Score 0/24 Timer 05:00
1 Play Today
% Correct
Joe Biden
96.7%
Bill Clinton
94.1%
F. Scott Fitzgerald
93.8%
Henry Ford
93.5%
Mariah Carey
93.5%
Tom Brady
91.2%
Mel Gibson
89.9%
George Clooney
89.3%
Gene Kelly
89.3%
Ulyssses S. Grant
88.9%
Rosie O'Donnell
87.9%
Gregory Peck
84.7%
% Correct
Buster Keaton
84%
Margaret Mitchell
79.2%
Woodrow Wilson
78.2%
Nolan Ryan
77.5%
Danica Patrick
77.5%
Anthony Kennedy
72.6%
John F. Kennedy
68.1%
Georgia O'Keeffe
67.8%
Mary Higgins Clark
67.1%
Judy Collins
57%
Eileen Collins
51.5%
Nellie Bly
50.5%

You're not logged in!

Compare scores with friends on all Sporcle quizzes.
Join for Free
OR
Log In

You Might Also Like...

Show Comments

Extras

Top Quizzes Today


Score Distribution

Your Account Isn't Verified!

In order to create a playlist on Sporcle, you need to verify the email address you used during registration. Go to your Sporcle Settings to finish the process.

Report this User

Report this user for behavior that violates our Community Guidelines.

Details: